| 000 | 00360nam a2200133Ia 4500 | ||
|---|---|---|---|
| 999 |
_c16544 _d16544 |
||
| 082 | _a302.2244 MUK-L | ||
| 100 | _aMukherjee, Aditi | ||
| 245 | 0 | _aLiteracy in India: the present context | |
| 260 |
_aShimla _bIndian Institute of Advance Study _c2003 |
||
| 300 | _a113 | ||
| 504 | _aincludes appendix and bibliography | ||
| 650 |
_aLiteracy _vIndia |
||
| 942 | _cBK | ||